Statystyki dla Skład Bayernu Monachium w Bundeslidze 2023/24

Kliknij tutaj aby rozwiązać quiz!

Ogólne statystyki

  • Ten quiz został rozwiązany 177 razy
  • Średni wynik to 16 z 22

Statystyki odpowiedzi

NumerZawodnik% Poprawnych
1Manuel Neuer
98%
3Kim Min-jae
97%
9Harry Kane
96%
6Joshua Kimmich
96%
10Leroy Sane
91%
25Thomas Muller
91%
8Leon Goretzka
89%
7Serge Gnabry
89%
2Dayot Upamecano
88%
42Jamal Musiala
86%
4Matthijs de Ligt
86%
19Alphonso Davies
82%
11Kingsley Coman
80%
39Mathys Tel
69%
27Konrad Laimer
65%
13Eric Maxim Choupo-Moting
64%
26Sven Ulreich
64%
40Noussair Mazraoui
55%
22Raphael Guerreiro
48%
20Bouna Sarr
47%
18Daniel Peretz
38%
28Tarek Buchmann
17%

Rozkład punktacji

Percentyl według liczby udzielonych odpowiedzi

Procent ludzi z każdym wynikiem

Twoja historia wyników

Nie rozwiązałeś tego quizu